000 00547nam a2200241Ia 4500
003 IT-RoPAU
005 20220918175806.0
008 120407s9999 xx 000 0 und d
040 _aIT-RoPAU
040 _cIT-RoPAU
041 _aita
100 _aJ. Kadowaki Kakichi
_935917
245 _aLo zen e la Bibbia. L’esperienza di un sacerdote
250 _aMilano
260 _aEdizioni Paoline
260 _c1985
300 _a246 p.
300 _c18 cm
490 _aFermenti
490 _v132
942 _cBK
_2ddc
999 _c30215
_d30215